Medzinárodné audítorské štandardy ISA 500 - Audítorské dôkazy

Problematiku audítorských dôkazov rieši vo všeobecnosti štandard ISA 500 - Audítorské dôkazy, špecifickým oblastiam sa venujú štandardy z radu ISA 500. Koncept audítorských dôkazov. Dostatočné a vhodné audítorské dôkazy. Použitie tvrdení pri získavaní audítorských dôkazov. Audítorské postupy na získ...

Ausführliche Beschreibung

Gespeichert in:
Bibliographische Detailangaben
1. Verfasser: Válová, Dagmar
Format: Buchkapitel
Sprache:Slowakisch
Schlagworte:
Tags: Tag hinzufügen
Keine Tags, Fügen Sie das erste Tag hinzu!

MARC

LEADER 00000naa$a2200000$$$4500
001 0035268
005 20231106092204.7
041 0 |a slo 
044 |a SK 
245 1 0 |a Medzinárodné audítorské štandardy  |b ISA 500 - Audítorské dôkazy  |c Dagmar Válová 
520 |a Problematiku audítorských dôkazov rieši vo všeobecnosti štandard ISA 500 - Audítorské dôkazy, špecifickým oblastiam sa venujú štandardy z radu ISA 500. Koncept audítorských dôkazov. Dostatočné a vhodné audítorské dôkazy. Použitie tvrdení pri získavaní audítorských dôkazov. Audítorské postupy na získanie audítorských dôkazov. Príklady. 
610 2 0 |a audit 
610 2 0 |a audítorstvo 
610 2 0 |a štandardy audítorské medzinárodné 
610 2 0 |a ISA 500 
100 1 |a Válová, Dagmar